BTS (or Bangtan Boys) all songs (until July 2025) - Statistics

General Stats
  • This quiz has been taken 83 times
  • The average score is 80 of 171
Answer Stats
Hint Answer % Correct
O!RUL8,2? N.O
93%
2nd English Digital single Butter
89%
2 COOL 4 SKOOL No More Dream
86%
English Digital single Dynamite
84%
The Most Beautiful Moment In Life, Pt. 2 RUN
84%
MAP OF THE SOUL : 7 ON
82%
The Most Beautiful Moment In Life: Young Forever FIRE
80%
The Most Beautiful Moment In Life, Pt. 1 I NEED U
80%
WINGS Blood Sweat & Tears
77%
SKOOL LUV AFFAIR Boy In Luv
77%
LOVE YOURSELF 承 'Her' DNA
77%
LOVE YOURSELF 轉 'Tear' FAKE LOVE
77%
2 COOL 4 SKOOL We Are Bulletproof Pt.2
77%
LOVE YOURSELF 結 'Answer' IDOL
75%
YOU NEVER WALK ALONE Outro : Wings
75%
Butter (CD Single) Permission to Dance
75%
The Most Beautiful Moment In Life: Young Forever Save ME
75%
MAP OF THE SOUL : 7 Black Swan
73%
MAP OF THE SOUL : PERSONA Boy With Luv
73%
O!RUL8,2? Coffee
70%
DARK&WILD Danger
70%
LOVE YOURSELF 承 'Her' MIC Drop
70%
YOU NEVER WALK ALONE Spring Day
70%
MAP OF THE SOUL : 7 We are Bulletproof : the Eternal
70%
LOVE YOURSELF 轉 'Tear' Anpanman
68%
The Most Beautiful Moment In Life, Pt. 1 DOPE
68%
SKOOL LUV AFFAIR Just One Day
68%
BE Life Goes On
68%
Collab single (with Coldplay) My Universe
68%
LOVE YOURSELF 結 'Answer' Trivia 承 : Love
68%
DARK&WILD War of Hormone
68%
LOVE YOURSELF 轉 'Tear' Airplane pt.2
66%
The Most Beautiful Moment In Life: Young Forever EPILOGUE : Young Forever
66%
LOVE YOURSELF 承 'Her' Intro : Serendipity
66%
YOU NEVER WALK ALONE Not Today
66%
Proof Run BTS
66%
O!RUL8,2? BTS Cypher PT.1
61%
The Most Beautiful Moment In Life, Pt. 2 Butterfly
61%
LOVE YOURSELF 結 'Answer' Euphoria
61%
LOVE YOURSELF 承 'Her' Go Go
61%
MAP OF THE SOUL : PERSONA HOME
61%
MAP OF THE SOUL : PERSONA Intro : Persona
61%
WINGS Lie
61%
LOVE YOURSELF 轉 'Tear' Outro : Tear
61%
Proof Yet To Come (The Most Beautiful Moment)
61%
SKOOL LUV AFFAIR Jump
59%
LOVE YOURSELF 承 'Her' Outro : Her
59%
LOVE YOURSELF 承 'Her' Pied Piper
59%
WINGS BTS Cypher 4
57%
MAP OF THE SOUL : 7 Friends
57%
2 COOL 4 SKOOL Like
57%
WAKE UP Like Pt.2 ~In That Place~
57%
LOVE YOURSELF 承 'Her' Dimple
55%
MAP OF THE SOUL : 7 Filter
55%
LOVE YOURSELF 轉 'Tear' Magic Shop
55%
The Most Beautiful Moment In Life, Pt. 2 OUTRO : House Of Cards
55%
O!RUL8,2? Attack on Bangtan
52%
WINGS Begin
52%
LOVE YOURSELF 承 'Her' Best Of Me
52%
LOVE YOURSELF 結 'Answer' Epiphany
52%
The Japan 4th Single FOR YOU
52%
LOVE YOURSELF 結 'Answer' I'm Fine
52%
LOVE YOURSELF 轉 'Tear' Intro : Singularity
52%
MAP OF THE SOUL : PERSONA Jamais Vu
52%
MAP OF THE SOUL : PERSONA Mikrokosmos
52%
SKOOL LUV AFFAIR Tomorrow
52%
MAP OF THE SOUL : 7 00:00 (Zero O'Clock)
50%
LOVE YOURSELF 轉 'Tear' 134340
50%
The Most Beautiful Moment In Life, Pt. 2 BAEPSAE
50%
BE Blue & Grey
50%
The Most Beautiful Moment In Life, Pt. 1 Converse High
50%
MAP OF THE SOUL : PERSONA Dionysus
50%
Proof For Youth
50%
2 COOL 4 SKOOL Intro : 2 COOL 4 SKOOL
50%
LOVE YOURSELF 轉 'Tear' Love Maze
50%
MAP OF THE SOUL : PERSONA Make It Right
50%
MAP OF THE SOUL : 7 My time
50%
MAP OF THE SOUL : 7 Outro : Ego
50%
LOVE YOURSELF 轉 'Tear' So What
50%
BE Stay
50%
The Most Beautiful Moment In Life, Pt. 1 Boyz With Fun
48%
BE Dis-ease
48%
O!RUL8,2? If I Ruled The World
48%
FACE YOURSELF Let Go
48%
MAP OF THE SOUL : 7 Moon
48%
WINGS Stigma
48%
BE Telepathy
48%
LOVE YOURSELF 轉 'Tear' The Truth Untold
48%
WAKE UP WAKE UP
48%
WINGS 2! 3!
45%
The Japan 8th Single Crystal Snow
45%
Japanese pre-release (BTS, THE BEST) Film Out
45%
WINGS First Love
45%
MAP OF THE SOUL : 7 Inner Child
45%
MAP OF THE SOUL : 7 Interlude : Shadow
45%
YOUTH INTRODUCTION : YOUTH
45%
SKOOL LUV AFFAIR Intro: Skool Luv Affair
45%
The Japan 10th Single Lights
45%
MAP OF THE SOUL : 7 Louder than bombs
45%
The Most Beautiful Moment In Life, Pt. 2 Ma City
45%
WINGS MAMA
45%
SKOOL LUV AFFAIR (SPECIAL ADDITION) Miss Right
45%
LOVE YOURSELF 轉 'Tear' Paradise
45%
MAP OF THE SOUL : 7 ~ THE JOURNEY ~ Stay Gold
45%
LOVE YOURSELF 結 'Answer' Trivia 起 : Just Dance
45%
MAP OF THE SOUL : 7 UGH!
45%
LOVE YOURSELF 結 'Answer' Answer : Love Myself
43%
Proof Born Singer
43%
WINGS Intro : Boy Meets Evil
43%
LOVE YOURSELF 結 'Answer' Trivia 轉 : Seesaw
43%
WINGS 21st Century Girls
41%
WINGS Am I Wrong
41%
YOU NEVER WALK ALONE A Supplementary Story : You Never Walk Alone
41%
WINGS Awake
41%
The Most Beautiful Moment In Life, Pt. 1 Hold Me Tight
41%
DARK&WILD Rain
41%
SKOOL LUV AFFAIR Spine Breaker
41%
O!RUL8,2? We On
41%
FACE YOURSELF Don't Leave Me
39%
BE Fly To My Room
39%
DARK&WILD Let Me Know
39%
WINGS Lost
39%
MAP OF THE SOUL : 7 ~ THE JOURNEY ~ OUTRO : The Journey
36%
The Most Beautiful Moment In Life, Pt. 1 Outro : Love is Not Over
36%
WINGS Reflection
36%
MAP OF THE SOUL : 7 Respect
36%
Digital single (BTS's 10th debut anniversary) Take Two
36%
DARK&WILD 24/7 = Heaven
34%
DARK&WILD Intro : What am I to you
34%
DARK&WILD Look Here
34%
O!RUL8,2? Paldogangsan
34%
The Most Beautiful Moment In Life, Pt. 2 Whalien 52
34%
RUN(The Japan 6th Single) Good Day
32%
The Most Beautiful Moment In Life, Pt. 2 INTRO : Never Mind
32%
The Most Beautiful Moment In Life, Pt. 1 Intro : The Most Beautiful Moment In Life
32%
FACE YOURSELF OUTRO : Crack
32%
WAKE UP THE STARS
32%
SKOOL LUV AFFAIR Where You From
32%
MAP OF THE SOUL : 7 ~ THE JOURNEY ~ Your eyes tell
32%
Digital single (origin by Seo Taiji and Boys) Come Back Home
30%
SKOOL LUV AFFAIR Outro: Propose
30%
MAP OF THE SOUL : 7 ~ THE JOURNEY ~ INTRO : Calling
27%
DARK&WILD BTS Cypher PT.3 : KILLER
25%
DARK&WILD Interlude: What Are You Doing
25%
O!RUL8,2? OUTRO : LUV IN SKOOL
25%
SKOOL LUV AFFAIR Skit: Soulmate
25%
O!RUL8,2? Skit: R U Happy Now?
23%
YOUTH Wishing on a star
23%
SKOOL LUV AFFAIR BTS Cypher Pt. 2: Triptych
20%
2 COOL 4 SKOOL Skit : Circle room talk
20%
The Most Beautiful Moment In Life, Pt. 1 Skit : Expectation!
20%
FACE YOURSELF INTRO : Ringwanderung
18%
2 COOL 4 SKOOL Outro : Circle room cypher
18%
DARK&WILD 2nd Grade
16%
The Most Beautiful Moment In Life, Pt. 2 Dead Leaves
14%
LOVE YOURSELF 承 'Her' SEA
14%
The Most Beautiful Moment In Life, Pt. 2 SKIT : One night in a strange city
14%
DARK&WILD Hip Hop Lover
11%
O!RUL8,2? INTRO : O!RUL8,2?
11%
Proof Quotation Mark
11%
Proof Still With You
11%
Proof Young Love
11%
DARK&WILD Blanket Kick
9%
DARK&WILD Can You Turn Off Your Phone
9%
DARK&WILD Outro: Does That Make Sense?
9%
Proof Tony Montana
9%
WINGS Interlude : Wings
7%
The Most Beautiful Moment In Life, Pt. 1 Move
7%
LOVE YOURSELF 承 'Her' Skit: Hesitation & Fear
5%
2 COOL 4 SKOOL Skit : On The Start Line
5%
2 COOL 4 SKOOL Road path
2%
No matching quizzes found
Score Distribution
Percent of People with Each Score
Percentile by Number Answered
Your Score History
You have not taken this quiz